00967 2200313 4500001002100000005001700021008004100038020001800079035002400097090001800121100001900139245017000158250001100328260003000339300003100369500006400400650001500464700002500479700002500504700001400529700001400543850001500557980001500572985000600587999001500593999001500608999001500623999001500638YOGYA-0209000003675120090227025152.0 ind  a0-7879-8585-5 0010-020900000036751 a510bWat SlQ aWATSON, George a190 kegiatan siap saji yang membuat matematika menyenangkancGeorge Watson ; alih bahasa, Evi Janu Kusumawati ; penyunting, Ervina Yudha Kusuma, Rudiyanto, B. Waluyo aCet. 1 aBandungbPakar Rayac2005 axvii, 282 hlmbilusc28 cm aJudul asli : 190 ready to use activities that make math fun amatematika aKusumawati, Evi Janu aKusuma, Ervina Yudha aRudiyanto aWaluyo, B aYOPDYOG(B) a11-21-2006 a4 a06P0001201 a06P0001202 a06P0001203 a06P0001204